000 00534nam a2200229Ia 4500
003 OSt
005 20220918191127.0
006 a|||||r|||| 00| 0
007 ta
008 220917b |||||||| |||| 00| 0 eng d
024 _a61,537
037 _cTextual
040 _aARTS
_cARTS
_beng
041 _2eng
_aeng
082 _aQ:2x, H0
100 _aBallou R O
_974982
245 0 _aBible of the world
260 _c1940
650 _aRELIGION
942 _hQ:2x, H0
_cTEXL
_2CC
999 _c188388
_d188388